00545nam a2200157 i 4500001000700000003000900007005001700016007000300033008004100036100002900077245014500106260004100251300002000292700005200312852002300364134583ES-MaACL20230906194714.0t|070912s1933 xxk ||||1| eng d1 aWicksteed, Philip Henry.14aThe common sense of political economy, and selected papers and reviews on economic theory / cedited with an introduction by Lionel Robbins. aLondon : bGeorge Routledge, c1933. a2 v. ; c22 cm.0 aRobbins, Lionel Charles c, Baron (d1898-1984) aES-MaACLjA-3450-1